[Event "Chelyabinsk 14.1"]
[Site "Kolkata"]
[Date "2002.03.21"]
[Round "14.1"]
[White "Motylev, Alexander"]
[Black "Lalic, Bogdan"]
[Result "1-0"]
[WhiteElo "2639"]
[BlackElo "2523"]
[EventDate "2002.03.17"]
[Annotator "Rogozenco"]

1. e4 c5 2. Nf3 Nc6 3. d4 cxd4 4. Nxd4 Nf6 5. Nc3 e5 6. Ndb5 d6 7. Bg5 a6 
8. Na3 b5 9. Bxf6 gxf6 10. Nd5 f5 11. Bd3 Be6 12. O-O Bxd5 13. exd5 Ne7 
14. c3 Bg7 15. Qh5 e4 16. Bc2 O-O 17. Rae1 Qc8 18. Kh1 Ng6 { Postponing 
the b5-b4 advance, Black consolidates position around his monarch first of
all } 19. Bb1 {This line became lately White's main weapon against 
Sveshnikov Sicilian and in principle Black was trying to survive, not more
than that. It must be said that thanks to the efforts of Michal Krasenkow 
Black succeeded to hold, but the position has always been under a cloud of
suspicion and finally White seems to have found the right keys.
----------------

Opening for the a3-knight a fine route a3-c2-e3 with an attack against the
king. Black cannot procrastinate his counteractions and has to carry out 
b5-b4} 19. ... b4 ( 19. ... Re8 {After this main alternative to the text 
Black also seems to have serious problems:} 20. Nc2 {Nijboer's novelty 
might close the subject - White has a very strong initiative. Here is a 
recent example:} 20. ... Nf4 ( 20. ... f4 {is probably better, when after 
Nb4-c6 White has a small, but stable advantage.} ) 21. Qg5 Nxd5 22. Nd4 
Ne7 23. f3 d5 24. g4! +/- {Opens up the position and Black is in big 
trouble after it. In the game Nijboer, F-Krasenkow,M/Wijk aan Zee 2002 
(57) Black was very lucky to escape later in a very exciting battle, but 
the opening outcome was clear - White is close to winning after 24.g4.} ) 
20. cxb4 Bxb2 21. Nc2 Bc3 22. Re3! N {The rook maneuver to the 3rd rank 
looks like the most natural decision in this position } ( 22. Re2 Bg7 23. 
f4 exf3 24. Qxf3 f4 += {1/2-1/2 Leko,P-Krasenkow,M/Batumi 1999 (74)} 25. 
Ne1 Qc4 26. Qe4 ( 26. Nd3 Rfe8 ) 26. ... Rfc8 27. Nd3 a5 {Leko P 2700 - 
Krasenkow M 2645 , 1999 Batumi} ) ( {To move repetition leads} 22. Rc1 Bb2
23. Rce1 Bc3 24. Rc1 Bb2 {1/2-1/2, Galkin Alexander 2587 - Krasenkow 
Michal 2702 , Saint Vincent 2000 Ch Europe} ) 22. ... Bg7 ( 22. ... Re8 
23. Rh3 Nf8 24. Ne3 +- ) 23. Rh3 h6 ( 23. ... Re8 24. Ne3 ( 24. Qxh7+ Kf8 
25. f4 {is also possible, but 24.Ne3 is stronger.} ) 24. ... Re5 25. f4 +-
) 24. f4! {A standard blocking method in the spirit of the King's Indian 
Defence. Fixing the pawn on f5, White is ready to hit it by means of 
Â¤c2-e3 and g2-g4 

Black has a difficult position. His pawn formation was weak even without 
playing h6, but after that move all White has to do is to play g4 in order
to get a decisive attack.} 24. ... Ra7 ( {Now the continuation} 24. ... 
exf3 25. Rhxf3 { is clearly unfavorable for Black} ) 25. g4!? { A sharp 
offensive continuation} ( {As A.Motylev points out, the alternative is a 
quiet move} 25. Ne3 Rc7 26. Qxf5 Rc1 27. Qxe4 Rxf1+ ( 27. ... Re8? 28. 
Qxe8+! Qxe8 29. Rxc1 Nxf4 30. Rf3 +- ) 28. Nxf1 Re8 29. Qf3 ( 29. Qd3 Qc1 
30. Rf3 Re1 31. Bc2 Nh4 32. Rf2 Nf5! ) 29. ... Qc1 30. Bxg6 fxg6 31. Qd3 
Qxf4 32. Rf3 Qe4 33. Qxa6 Qxd5 += ) 25. ... fxg4 26. Rg3 {I don't see an 
escape for Black. White intends to ram black position by way of the 
advance f4-f5-f6 } 26. ... Ne7 {After this retreat White obtains an 
obvious positional advantage with material equality } ( 26. ... Rc7 27. f5
Ne5 28. f6 Bxf6 ( 28. ... Bh8 29. Qxh6 Rxc2 30. Bxc2 Qxc2 31. Rfg1 Qe2 32.
 Rh3 +- ) 29. Rxf6 Rxc2 30. Bxc2 Qxc2 31. Qxh6 Rc8 32. Rg1 Qe2 33. Rf5! 
Rc2 34. Rxg4+ Qxg4 35. Rg5+ Qxg5 36. Qxg5+ Kf8 37. Qh6+ Kg8 ( 37. ... Ke8 
38. Qf4 Re2 39. Kg1 e3 40. a4 ) 38. Qxd6 Nf3 39. a4 Rxh2+ 40. Qxh2 Nxh2 
41. Kxh2 Kf8 42. b5 axb5 43. a5 +- {analysis by A.Motylev} ) 27. f5! ( 27.
 Rxg4 f5 ) 27. ... Nxd5 28. Qxg4 f6 29. Qxe4 +/- {Black is lost. All his 
pawns are weak, the B on g7 is "dead" and White has the g-file for attack.
On top of that white knight is ready to come to e6.} 29. ... Nc3 30. Qg2 
Nxb1 31. Nd4! {Swift development of the attack } 31. ... Nc3 32. Nc6! Ne2 
( 32. ... Rc7 33. Rxc3 Re8 34. Rg1 +/- {/+-.} ) 33. Re3! +- Nf4 ( 33. ... 
Nd4 34. Ne7+ Rxe7 35. Rxe7 Rf7 36. Rxf7 Kxf7 37. Qd5+ ) 34. Rxf4 Kh8 35. 
Nxa7 Qc1+ 36. Qg1 Qc7 37. Rg3 Qb7+ 38. Rg2 Rf7 39. Rc4 Qxa7 40. Qxa7 Rxa7 
41. Rd2 Bf8 42. Rc8 Kg8 43. Rg2+ Kf7 44. Rgc2 1-0

[Event "Chelyabinsk 14.2"]
[Site "Wijk aan Zee NED"]
[Date "2002.01.26"]
[Round "14.2"]
[White "Nijboer, Friso"]
[Black "Krasenkow, Michal"]
[Result "1/2-1/2"]
[WhiteElo "2574"]
[BlackElo "2632"]
[EventDate "2002.01.15"]

1. e4 c5 2. Nf3 Nc6 3. d4 cxd4 4. Nxd4 Nf6 5. Nc3 e5 6. Ndb5 d6 7. Bg5 a6 
8. Na3 b5 9. Bxf6 gxf6 10. Nd5 f5 11. Bd3 Be6 12. O-O Bxd5 13. exd5 Ne7 
14. c3 Bg7 15. Qh5 e4 16. Bc2 O-O 17. Rae1 Qc8 18. Kh1 Ng6 19. Bb1 Re8!? {
This move is introductory to counterplay in the center } ( 19. ... Nf4 20.
 Qg5 Nxd5 21. Bxe4 fxe4 22. Qxd5 +/- ) 20. Nc2!? ( {In the original game 
there followed} 20. f4 exf3 21. Qxf3 Rxe1 22. Rxe1 f4 23. Nc2 ( 23. Bxg6 
hxg6 24. Qxf4 Be5 ) 23. ... a5! 24. Rd1 Qc5 25. Nd4 {Almasi,Z 2610 - 
Krasenkov,M 2565 , Malmo 1994 } 25. ... Bxd4! 26. Bxg6 ( 26. Rxd4 Re8 ) ( 
26. cxd4 Qb4 27. Qf2 Qc4 ) 26. ... hxg6 27. Rxd4 Re8 28. h3 Re5 {, Black 
obtains equality)} ) 20. ... Nf4 { Wiping out the d5-pawn that could have 
helped to establish the white knight on the c6-square } ( {An attempt to 
activate central pawns promptly is inefficient} 20. ... f4 21. Nb4 ) ( 
20. ... f4 21. Nb4 Re5 22. Qd1 Qc4 23. b3 Qxc3 24. Nc6 f3 25. Nxe5 fxg2+ 
26. Kxg2 Bxe5 27. Rxe4 f5 28. Re3 Qb4 29. Kh1 Qh4 30. f4 Bxf4 31. Re2 Rf8 
32. Rg2 Qh6 33. Qe2 Kh8 34. Rgf2 Qh4 {1-0(41) Nijboer, Friso (2580) - 
Czebe, Attila (2502) / EU Ch 2nd (12), Ohrid MKD 2001} ) 21. Qg5 Nxd5 ( 
21. ... Nd3 22. Ne3 h6 ( 22. ... Nxe1?? 23. Nxf5 ) 23. Qxf5 Nxe1 24. Rxe1 
Re5 25. Qf4 f5 26. g4! fxg4 27. Nxg4 Rg5 28. Rg1 Qe8 += ) 22. Nd4 Ne7 23. 
f3 d5 24. g4! { In order to open the access to black king, White has to 
smash the opponent's pawn center at any cost } ( {in case of} 24. fxe4 {
White fails to open the b1-h7 diagonal for his light-squared bishop } 
24. ... fxe4 25. Qh5 Rf8 26. Nf5 Nxf5 27. Rxf5 Qe6 28. Rxd5 f5 ) 24. ... 
fxg4 25. fxe4 Ng6 ( {The potential of the b1-bishop is demonstrated in the
following variation:} 25. ... dxe4 26. Bxe4 Ra7 27. Rxf7! Kxf7 28. Bxh7 
Qb7+ 29. Be4 Qb6 30. Qh5+ Kf8 31. Rf1+ Bf6 32. Bc6 ) 26. Rxf7!? {A nice 
development of the attack} ( 26. Qxd5? Ne5 ) ( 26. exd5? Rxe1 27. Rxe1 
Bxd4 28. cxd4 Qd8 ) ( {As F.Nijboer points out, the quiet move } 26. Nf5 {
also leads to white advantage} 26. ... Qe6 ( 26. ... Re5 27. Qxg4 Qe6 28. 
h4 Re8 29. h5 dxe4 30. Re3! ( 30. Bc2 Qxa2 31. hxg6 ( 31. Bxe4 Qe6 ( 
31. ... Qxb2?? 32. Nxg7 +-- ) 32. Rf4 Kh8 33. hxg6 hxg6 34. Qh4+ Kg8 35. 
Nd4 Qd6 36. Rg4 b4 37. Qg3 Qd7 38. Kg2 bxc3 39. bxc3 Rc5 40. Re3 += ) 
31. ... hxg6 32. Nd6 e3 33. Nxf7 Rh5+ 34. Kg2 Qd5+ = ) 30. ... Bf6 31. Bc2
Qxa2 32. Nd6 ) 27. Qxg4 d4 28. cxd4 Bxd4 29. Bc2! +/- ) 26. ... Bxd4 ( 
26. ... Kxf7?? 27. Qxd5+ Ke7 28. Nc6+ Qxc6 29. Qxc6 +- ) 27. e5!! ( 27. 
Qh6?! { is not so effective} 27. ... Kxf7 28. Qxh7+ Ke6! ( 28. ... Kf6 29.
 e5+!! Rxe5 30. Rf1+ Nf4! 31. cxd4! Rf5! 32. Qh6+ Ke7 33. Re1+ Kf7 34. 
Qh7+ Kf6 35. Qe7+ Kg6 36. Rg1! Qe6 37. Rxg4+ Kh6 38. Qxe6+ Nxe6 39. Bxf5 
+- ) 29. Qxg6+ Kd7 30. cxd4 Qc6 { analysis by F.Nijboer} ) 27. ... Qd8! 
28. Qh6 Kxf7 29. Qxh7+ Ke6 30. Qxg6+ Kd7 31. cxd4 Kc7 32. Bf5! {Taking an 
important c8-square under his control } 32. ... Kb7? ( {Best defence here 
i} 32. ... Kb8! 33. Rc1 Rg8! 34. Qh5!? Qe7! ( 34. ... Rg5?! 35. Qh4 Kb7 
36. Qh7+ Kb6 37. Qh6+ Kb7 38. Be6 { 39. Rc5 +/- }) 35. Qh6 Ra7 36. Bxg4 
Rc7 37. Qb6+ Rb7 += {shown by F.Nijboer} ) 33. Rc1 Re7 34. Qc6+ Ka7 35. 
Bc8 Qb6 36. Qd6 Qxd6 37. exd6 Rg7 38. Rc5? {Letting a deserved win slip 
out of his hands } ( 38. d7 Rg8 39. Rc6 Kb8 40. Kg2 Ra7 41. Kg3 b4 ( 
41. ... Rc7 42. Rb6+ Ka7 43. Rxa6+ Kb8 44. Rb6+ Ka7 45. Rxb5 Rc2 46. Rxd5 
+- ) ( 41. ... Rd8 42. Kxg4 Rdxd7 43. Bxd7 Rxd7 44. h4 +- ) 42. Kf4 a5 43.
 Ke5 +- ) 38. ... Kb6 39. d7 Rg8 40. Kg2 Ra7 41. Kg3 Rc7 42. Rxd5 Rd8 43. 
Re5 Rc2 44. d5 Kc7 45. Re6 Rxd7 46. Bxd7 Kxd7 47. Rxa6 Rxb2 48. a3 b4 49. 
a4 b3 50. Rb6 Ra2 51. Kxg4 Rxa4+ 52. Kf5 Rh4 53. Rxb3 Rxh2 54. Ke5 Re2+ 
55. Kd4 Rd2+ 56. Rd3 Rxd3+ 57. Kxd3 1/2-1/2

[Event "Chelyabinsk 14.3"]
[Site "Dortmund GER"]
[Date "2002.07.13"]
[Round "14.3"]
[White "Shirov, Alexei"]
[Black "Leko, Peter"]
[Result "0-1"]
[WhiteElo "2697"]
[BlackElo "2722"]
[EventDate "2002.07.13"]
[Annotator "Rogozenko"]

1. e4 {Ftacnik} 1. ... c5 2. Nf3 Nc6 3. d4 cxd4 4. Nxd4 Nf6 5. Nc3 e5 6. 
Ndb5 d6 7. Bg5 a6 8. Na3 b5 9. Bxf6 gxf6 10. Nd5 f5 11. Bd3 Be6 12. O-O 
Bxd5 13. exd5 Ne7 14. c3 Bg7 15. Qh5 e4 16. Bc2 O-O { We will finish our 
conversation about this particular branch of the Cheliabinsk Variation 
with two games played by P.Leko in the Dortmund candidates tournament; in 
those game the Hungarian GM managed to rehabilitate black position } 17. 
Rae1 Qc8 18. Kh1 Rb8! N {This seemingly modest move allows to prepare 
counterplay on the Q-side, that is associated with the b5-b4 advance, in 
the most effective way

The idea of this novelty is obvious - Black wants to create a quick 
counterplay on the queenside.} ( 18. ... Ng6 ) 19. f3 ( 19. g4 {was played
six days later by Topalov, but Black got a good play anyway:} 19. ... b4 
20. cxb4 Nxd5 21. gxf5 Kh8 {and White has no advantage, 
Topalov,V-Leko,P/Dortmund 2002} ) 19. ... b4 20. Nb1 {'?!' Ftacnik.} ( 20.
 cxb4? Bxb2 21. fxe4 {is a typical piece sacrifice. With black rooks on e8
and a8 this works out, but here it has less chances for success.} 21. ... 
Bxa3 22. Re3 ( 22. Bb1 f6 {stops the attack, keeping an extra piece.} ) 
22. ... Qxc2 23. Rg3+ ( 23. Rxa3 Qxe4 -+ ) 23. ... Ng6 24. Rh3 Rfc8 25. 
exf5 Ne5 26. Qxh7+ Kf8 {and the king escapes} ) ( 20. fxe4!? {Ftacnik} 
20. ... bxa3 ( 20. ... f4 {Ftacnik} 21. cxb4 Rxb4 22. b3 Qc3 23. Bb1 +/- )
21. exf5 Bf6! ( 21. ... axb2 {Ftacnik} 22. f6 Ng6 23. fxg7 Kxg7 24. Re3 
â†’ ) ( 21. ... Rxb2 {Ftacnik} 22. f6 Rxc2 23. fxg7 Kxg7 24. Rxe7 +- ) 22.
 Rxe7 Qc4 23. Rfe1 axb2 24. R7e3 Qh4 25. Qf3 += ) 20. ... bxc3 21. bxc3 
Bxc3 {'!?' Ftacnik. very concrete. Black will defend the king with the 
knight and queen, which will replace the bishop on the long diagonal. 
Ftacnik: 'Leko plays with a clear strategy of domination on the dark 
squares, white's c3 pawn was the last defender of the dark complex. '} ( 
21. ... Rb2?! 22. Bb3 +/- ) 22. Nxc3 Qxc3 23. fxe4! {White pieces 
desperately long to get to black king's residence } 23. ... f4! {A 
well-known motif: to keep the diagonal b1-h7 closed. An excellent 
defensive resource that allows black knight to get the e5-square at its 
disposal } ( {White retains the initiative in case of} 23. ... Qxc2 24. 
exf5 {is unclear} 24. ... Rb2 25. Qg4+ Ng6 26. fxg6 hxg6 27. Qf3 Rxa2 28. 
Re7 Qf5 29. Qxf5 gxf5 30. h3 += ) 24. Bb3?! {'?!' Ftacnik.} ( {Here White 
should have already thought about maintaining the balance by means of} 24.
 Bb1!? {Ftacnik} 24. ... Ng6 ( 24. ... Qe5 25. Qxe5 dxe5 26. Bd3 ) 25. e5!
{seeking to get rid of the bishop that turns bad } 25. ... dxe5 26. Bxg6 {
Ftacnik} ( 26. d6 Rfd8 27. Rd1 Rxb1 28. Rxb1 Rxd6 ~ ) 26. ... hxg6 27. 
Qxe5 Qxe5 28. Rxe5 Rb2 29. h4 Rxa2 30. Rxf4 =, quiet ) 24. ... Ng6 25. Rc1
Qf6 {There is little White can do against opponent's domination on the 
black squares. In the next part of the game Shirov failed to create 
anything, while Leko successfully overtook the initiative and created 
decisive threats.} 26. Qf5 Qe7! 27. Rc4 a5! 28. h3 {This weakens square 
g3, which will play the decisive role later. On the other hand it is 
difficult to find a sensitive plan for White.} 28. ... Rb4 29. Rxb4 {'?' 
Ftacnik. Ftacnik: 'Shirov is helping black to activate his pieces, white 
king will fall under strong attack.'} ( 29. Rfc1 {Ftacnik} 29. ... Rxc4 
30. Rxc4 Qh4 31. Rc1 Qg3 =+ ) 29. ... axb4 -/+ { Black positional 
advantage is clear. His knight is obviously more promising than the 
opponent's bishop, the e4-pawn may prove to be vulnerable, and white king 
may face problems in the future due to weakening of the dark squares 
around his fortress } 30. Bd1 {'?!' Ftacnik. The bishop is desperately 
looking for a job.} 30. ... Ra8 ( 30. ... Re8 31. Bh5 Qxe4 32. Bxg6 hxg6 
33. Qxf4 Qxd5 34. Qxb4 Re2 35. Qg4 Rxa2 =+ ) 31. Rf2 ( 31. Bh5 Rxa2 32. 
Bxg6 hxg6 33. Qxf4 Re2 -/+ ) 31. ... Qa7! 32. Rc2 Kg7 33. Kh2 ( {Once 
again an attempt to exchange the bishop for the knight does not work} 33. 
Bh5? b3! 34. axb3 Qe3 -+ {with inevitable mate. } ) 33. ... Qe3 34. Bf3 
Qe1! +- {The inevitable penetration finally happened. White cannot hold 
the position. Vulnerability of the white king's position becomes obvious} 
35. Rc7 Qg3+ 36. Kh1 Ne5 37. Bh5 Rxa2 38. Rxf7+ Nxf7 39. Qxf7+ Kh6 40. 
Qf6+ Kxh5 41. Qf5+ Kh6 42. Qf6+ Qg6 43. Qh4+ Kg7 44. Qe7+ Qf7 45. Qg5+ Kf8
46. Qd8+ Qe8 47. Qf6+ Kg8 ( {There is no perpetual check. For instance:} 
47. ... Kg8 48. Qg5+ Kf7 49. Qf5+ Ke7 50. Qe6+ Kd8 51. Qxd6+ Kc8 52. Qc5+ 
Kb7 53. Qxb4+ Ka8 ) 0-1